[Event "Lliga Catalana eq. DH"]
[Site "?"]
[Date "2014.03.15"]
[Round "8.4"]
[White "Pardo Simon, D."]
[Black "Travesset Ribera, J."]
[Result "1-0"]
[WhiteElo "2468"]
[BlackElo "2320"]
[PlyCount "113"]
[EventDate "2014.??.??"]
[EventType "team"]
[EventCountry "ESP"]

1. d4 d5 2. c4 Nc6 3. Nc3 e5 (3... e6) 4. cxd5 Nxd4 5. e3 Nf5 6. Nf3 Bd6 7. e4
Nh4 8. Bb5+ Kf8 9. Nxh4 Qxh4 10. Be3 Nf6 11. g3 Qh3 12. Bf1 Qh5 (12... Qd7) 13.
f3 g5 14. Bg2 Bh3 15. Bxh3 Qxh3 16. Qe2 Rg8 17. O-O-O a6 18. g4 h5 19. Rdg1
hxg4 20. fxg4 Rg6 21. Rg3 Qh4 22. Qf3 Ke7 23. Nd1 Rh8 24. Bf2 Qh7 25. Ne3 Kd7
26. Nf5 Qg8 27. Kb1 Qd8 28. h3 Ne8 $2 29. Rc1 Rf6 30. Qe3 Rxf5 31. gxf5 Rh5 32.
Rcg1 Be7 33. Qf3 Rh4 34. f6 Bxf6 35. Be3 Nd6 36. Bxg5 Bxg5 37. Rxg5 Rf4 38. Qh5
Qf6 39. a3 Rxe4 (39... Nxe4 $142) 40. Qd1 Rd4 41. Qe2 Rxd5 42. h4 b5 43. Rf1
Qe6 44. Qh5 Rd2 45. Rxe5 Qb3 46. Qg4+ f5 47. Qg7+ Kc8 $2 (47... Kc6) 48. Rc5
Qd3+ 49. Ka2 Ne8 $2 (49... Rxb2+ $1) 50. Qe5 Qxf1 51. Qxe8+ Rd8 52. Qe6+ Rd7
53. Qxa6+ Kd8 54. Qa8+ Ke7 55. Qh8 c6 56. Rxc6 Qd3 57. Qf6+ 1-0

[Event "Lliga Catalana eq. DH"]
[Site "?"]
[Date "2014.03.15"]
[Round "8.4"]
[White "Torrecillas Martinez, A."]
[Black "Fernandez Soriano, R."]
[Result "1-0"]
[WhiteElo "2412"]
[BlackElo "2261"]
[PlyCount "111"]
[EventDate "2014.??.??"]
[EventType "team"]
[EventCountry "ESP"]

1. e4 d5 2. exd5 Nf6 3. d4 Bg4 4. Be2 Bxe2 5. Qxe2 Qxd5 6. Nf3 e6 7. O-O Nc6 8.
Nc3 Qh5 9. Bf4 Bd6 10. Bxd6 cxd6 11. Nb5 O-O-O 12. c4 a6 13. Nc3 d5 14. c5 g5
15. Rfd1 Rhg8 16. Ne1 g4 17. Rab1 Rg6 18. Qd3 e5 19. Nc2 Ne4 20. Nxe4 dxe4 21.
Qxe4 Rh6 22. Kf1 f5 23. Qe3 Qxh2 24. dxe5 Re8 25. Qg3 Qxg3 26. fxg3 Rxe5 27. b4
Rhe6 28. Rd2 Re4 29. Kf2 f4 30. a3 h5 31. Rbd1 fxg3+ 32. Kxg3 R6e5 33. Rf1 Re2
34. Rf2 Rxd2 35. Rxd2 a5 36. Kf4 axb4 37. axb4 Re7 38. b5 Nd8 39. Nd4 Rd7 40.
Ke5 Nf7+ 41. Kf6 Nd8 42. g3 Rd5 43. Nb3 Rxd2 44. Nxd2 Kd7 45. Ne4 b6 46. cxb6
Nb7 47. Kg5 Ke6 48. Kxh5 Kd5 49. Nf6+ Kc5 50. Kxg4 Kxb6 51. Kf5 Nd6+ 52. Ke6
Nc4 53. g4 Ne3 54. g5 Ng2 55. Ne4 Kxb5 56. g6 1-0

[Event "Lliga Catalana eq. DH"]
[Site "?"]
[Date "2014.03.15"]
[Round "8.5"]
[White "Ayas Fernandez, A."]
[Black "Jose Queralto, D."]
[Result "1/2-1/2"]
[WhiteElo "2346"]
[BlackElo "2218"]
[PlyCount "66"]
[EventDate "2014.??.??"]
[EventType "team"]
[EventCountry "ESP"]

1. c4 e5 2. Nc3 f5 3. Nf3 d6 4. d4 e4 5. Ng5 Nf6 6. g3 Be7 7. Bg2 c6 8. O-O O-O
9. Nh3 Be6 10. d5 Bd7 11. f3 exf3 12. exf3 Na6 13. Be3 Nc7 14. Nf4 Kh8 15. Qd2
cxd5 16. cxd5 b5 17. a3 Qb8 18. b4 Qb7 19. Rae1 Be8 20. Bd4 Bd8 21. Re3 Bf7 22.
Ne6 Re8 23. Nxd8 Raxd8 24. Rxe8+ Rxe8 25. Qg5 Ncxd5 26. Nxd5 Qxd5 27. Bxf6 gxf6
28. Qxf6+ Kg8 29. f4 Qd2 30. Qg5+ Kh8 31. Qf6+ Kg8 32. Qg5+ Kh8 33. Qf6+ Kg8
1/2-1/2

[Event "Lliga Catalana eq. DH"]
[Site "?"]
[Date "2014.03.15"]
[Round "8.5"]
[White "Fernandez Muixi, F."]
[Black "Almeida Toledano, D."]
[Result "0-1"]
[WhiteElo "2252"]
[BlackElo "2360"]
[PlyCount "90"]
[EventDate "2014.??.??"]
[EventType "team"]
[EventCountry "ESP"]

1. e4 c5 2. Nf3 e6 3. d4 cxd4 4. Nxd4 Nc6 5. c4 Nf6 6. Nc3 Bb4 7. Nxc6 bxc6 8.
Bd3 e5 9. O-O O-O 10. Be3 Qe7 11. Na4 d6 12. a3 Ba5 13. b4 Bc7 14. h3 h6 15.
Qe2 Re8 16. b5 d5 17. Bc5 Qe6 18. Bb4 dxe4 19. Bxe4 Nxe4 20. Qxe4 f5 21. Qxc6
Qxc6 22. bxc6 a5 23. Nc3 axb4 24. axb4 Be6 25. Nd5 Bxd5 26. cxd5 Rab8 27. Rfb1
Red8 28. Ra7 Bb6 29. Ra6 Rxd5 30. Rc1 Rb5 31. Rc4 Rc8 32. Ra2 Kf7 33. Kf1 Ke6
34. Rd2 Rd5 35. Ra2 Kd6 36. Rac2 Rd4 37. b5 Rxc4 38. Rxc4 Rc7 39. Rc2 g5 40.
Ke2 Kd5 41. Kd3 Ra7 42. Ke2 Bc7 43. f3 Kd6 44. Kd3 Ra4 45. g4 f4 0-1

[Event "Lliga Catalana eq. DH"]
[Site "?"]
[Date "2014.03.15"]
[Round "8.5"]
[White "Fluvia Poyatos, Jordi"]
[Black "Vives Esmerat, J."]
[Result "1-0"]
[WhiteElo "2480"]
[BlackElo "2369"]
[PlyCount "67"]
[EventDate "2014.??.??"]
[EventType "team"]
[EventCountry "ESP"]

1. d4 g6 2. c4 Bg7 3. Nc3 d6 4. e4 Nc6 5. Nge2 e5 6. d5 Nce7 7. Ng3 f5 8. exf5
Nxf5 9. Bd3 Nf6 10. Bg5 h6 11. Bd2 O-O 12. O-O Bd7 13. Qc1 Kh7 14. Qc2 Ng8 15.
Nxf5 Bxf5 16. f3 Bxd3 17. Qxd3 Ne7 18. g4 Ng8 19. Kg2 Rf7 20. Ne4 Qe7 21. h4
Kh8 22. Ng3 Raf8 23. Qxg6 Qxh4 24. Ne4 Ne7 25. Qe6 Ng8 26. Bg5 hxg5 27. Rh1
Rxf3 28. Rxh4+ gxh4 29. Rh1 h3+ 30. Rxh3+ Rxh3 31. Kxh3 Nh6 32. g5 Nf5 33. Nf6
Bxf6 34. Qxf5 1-0

[Event "Lliga Catalana eq. DH"]
[Site "?"]
[Date "2014.03.15"]
[Round "8.5"]
[White "Lopez Agustench, E."]
[Black "Grafl, F."]
[Result "1/2-1/2"]
[WhiteElo "2317"]
[BlackElo "2425"]
[PlyCount "51"]
[EventDate "2014.??.??"]
[EventType "team"]
[EventCountry "ESP"]

1. d4 f5 2. Nc3 Nf6 3. Bg5 d5 4. Bxf6 exf6 5. e3 Be6 6. Bd3 Nc6 7. a3 Qd7 8.
Nge2 g6 9. Rc1 Bf7 10. Nb1 Ne7 11. Nd2 b5 12. Nb3 Nc8 13. Nc5 Qc6 14. b4 Nd6
15. O-O Nc4 16. Ra1 a5 17. Nc3 Bxc5 18. dxc5 O-O 19. Ne2 Qb7 20. Nd4 c6 21. Nb3
axb4 22. axb4 Kg7 23. Rxa8 Rxa8 24. c3 Ra3 25. Bxc4 bxc4 26. Na5 1/2-1/2

[Event "Lliga Catalana eq. DH"]
[Site "?"]
[Date "2014.03.15"]
[Round "8.5"]
[White "Perpinya Rofes, LM."]
[Black "Asensio Liñan, T."]
[Result "1-0"]
[WhiteElo "2453"]
[BlackElo "2278"]
[PlyCount "69"]
[EventDate "2014.??.??"]
[EventType "team"]
[EventCountry "ESP"]

1. e4 g6 2. d4 Bg7 3. Nc3 a6 4. Nf3 d6 5. Be2 Nd7 6. O-O b5 7. a4 bxa4 8. Rxa4
Nb6 9. Ra3 Nf6 10. e5 Ng4 11. Bf4 O-O 12. h3 Nh6 13. Qc1 Nf5 14. Rd1 e6 15. g4
Ne7 16. Ne4 Bb7 17. Bd3 f5 18. exf6 Bxf6 19. Nxf6+ Rxf6 20. Ng5 Ned5 21. Bg3
Qd7 22. c4 Nb4 23. Be4 d5 24. cxd5 exd5 25. Bg2 Nc4 26. Rf3 Rxf3 27. Nxf3 Qa4
28. Ne5 Na2 29. Qb1 Nxe5 30. Bxe5 Re8 31. b3 Qa3 32. Qc2 c5 33. Ra1 cxd4 34.
Rxa2 Qb4 35. Bf4 1-0

[Event "Lliga Catalana eq. DH"]
[Site "?"]
[Date "2014.03.15"]
[Round "8.5"]
[White "Rivero Ojeda, C."]
[Black "Gonzales Perez, JA."]
[Result "1/2-1/2"]
[WhiteElo "2350"]
[BlackElo "2242"]
[PlyCount "35"]
[EventDate "2014.??.??"]
[EventType "team"]
[EventCountry "ESP"]

1. e4 e5 2. Nf3 Nc6 3. Bb5 a6 4. Ba4 Nf6 5. d4 exd4 6. e5 Ne4 7. O-O Be7 8.
Nxd4 Nxd4 9. Qxd4 Nc5 10. Nc3 O-O 11. Bf4 Ne6 12. Qe4 Nxf4 13. Qxf4 d5 14. exd6
Bxd6 15. Qf3 Qh4 16. h3 Be6 17. Rfe1 Qf4 18. Qxf4 1/2-1/2

[Event "Lliga Catalana eq. DH"]
[Site "?"]
[Date "2014.03.15"]
[Round "8.5"]
[White "Subirats Ruiz, S."]
[Black "Alexandrova, O."]
[Result "0-1"]
[WhiteElo "2294"]
[BlackElo "2448"]
[PlyCount "100"]
[EventDate "2014.??.??"]
[EventType "team"]
[EventCountry "ESP"]

1. f4 d5 2. Nf3 g6 3. g3 Bg7 4. Bg2 Nf6 5. d3 b6 6. c4 Bb7 7. cxd5 Nxd5 8. O-O
O-O 9. a3 e6 10. e4 Ne7 11. Nc3 Nbc6 12. Be3 Ba6 13. Ne1 Bd4 14. Bxd4 Qxd4+ 15.
Kh1 f6 16. Qb3 Qd7 17. Ne2 Kg7 18. Rc1 e5 19. Qa4 Bb7 20. d4 (20. Qc4) 20...
exd4 21. Nxd4 Qxd4 22. Qxd4 Nxd4 23. Rxc7 Ba6 24. Rxe7+ Rf7 25. Rxf7+ Kxf7 26.
e5 $2 (26. Nd3 $142) (26. Rf2 $142) 26... Rc8 27. Nd3 $2 Bxd3 28. Rd1 Ne6 29.
Rxd3 Rc1+ 30. Bf1 Rxf1+ 31. Kg2 Rc1 32. Rd7+ Ke8 33. Rxh7 fxe5 34. Rh8+ Nf8 35.
fxe5 Re1 36. Rh4 Rxe5 37. Rc4 Re2+ 38. Kf3 Rxb2 39. Rc8+ Ke7 40. Rc7+ Nd7 41.
Rxa7 Rxh2 42. Kg4 Rh5 43. Ra4 Nf6+ 44. Kf4 Rf5+ 45. Ke3 Ra5 46. Rc4 Rxa3+ 47.
Kf2 Kd6 48. Rb4 Nd5 49. Rg4 Ne7 50. Rd4+ Ke5 0-1

[Event "Lliga Catalana eq. DH"]
[Site "?"]
[Date "2014.03.15"]
[Round "8.6"]
[White "Aloma Vidal, R."]
[Black "Bautista Sanchez, J."]
[Result "1-0"]
[WhiteElo "2471"]
[BlackElo "2292"]
[PlyCount "48"]
[EventDate "2014.??.??"]
[EventType "team"]
[EventCountry "ESP"]

1. e4 c6 2. d4 d5 3. e5 Bf5 4. Nf3 e6 5. Be2 Nd7 6. Nbd2 Ne7 7. O-O Bg6 8. a4
a5 9. c4 dxc4 10. Nxc4 Nd5 11. Bg5 Qb8 12. Qb3 h6 13. Bd2 b6 14. Nh4 Be4 15. f3
Bh7 16. f4 Be7 17. f5 b5 $2 (17... O-O 18. fxe6 fxe6 19. Qh3 $16) (17... Bxh4
$2 18. Nd6+ Ke7 19. fxe6 $18) 18. axb5 cxb5 19. fxe6 O-O 20. exf7+ Kh8 21. Nd6
Nb4 22. Bxb4 axb4 23. Rxa8 Qxa8 24. Nhf5 Qa7 1-0

[Event "Lliga Catalana eq. DH"]
[Site "?"]
[Date "2014.03.15"]
[Round "8.6"]
[White "Bergez, L."]
[Black "Yastrebova, T."]
[Result "1-0"]
[WhiteElo "2391"]
[BlackElo "2108"]
[PlyCount "63"]
[EventDate "2014.??.??"]
[EventType "team"]
[EventCountry "ESP"]

1. e4 d6 2. g3 e5 3. Bg2 Nf6 4. Ne2 Be7 5. O-O O-O 6. Nbc3 Nc6 7. d3 Be6 8. f4
exf4 9. Nxf4 Bg4 10. Qd2 Ne5 11. Ncd5 Nxd5 12. Nxd5 c6 13. Nxe7+ Qxe7 14. h3
Be6 15. b3 Rad8 16. Bb2 Ng6 17. Rae1 Qc7 18. h4 d5 19. h5 Ne7 20. Bxg7 Kxg7 21.
Qg5+ Ng6 22. Qf6+ Kg8 23. exd5 Rxd5 24. Bxd5 Bxd5 25. Re3 Qb6 26. d4 c5 27.
Qxb6 axb6 28. hxg6 hxg6 29. dxc5 bxc5 30. Re5 Bc6 31. Rxc5 Rd8 32. Rf6 1-0

[Event "Lliga Catalana eq. DH"]
[Site "?"]
[Date "2014.03.15"]
[Round "8.6"]
[White "Cervello Tost, F."]
[Black "Gallart Zafra, J."]
[Result "1/2-1/2"]
[WhiteElo "2232"]
[BlackElo "2339"]
[PlyCount "58"]
[EventDate "2014.??.??"]
[EventType "team"]
[EventCountry "ESP"]

1. d4 Nf6 2. g3 e6 3. Bg2 c5 4. Nf3 Nc6 5. O-O cxd4 6. Nxd4 Bc5 7. Nb3 Be7 8.
Nc3 d5 9. Nd4 O-O 10. e4 Nxd4 11. Qxd4 dxe4 12. Qxd8 Rxd8 13. Nxe4 Bd7 14. Bg5
Rac8 15. c3 Bc6 16. Nxf6+ gxf6 17. Be3 Bxg2 18. Kxg2 Bc5 19. Rfd1 Bxe3 20. fxe3
Kf8 21. Kf3 Ke7 22. Ke2 f5 23. Rxd8 Rxd8 24. Rd1 Rxd1 25. Kxd1 Kd6 26. Kd2 Kc5
27. b3 e5 28. Kd3 a5 29. a4 Kd5 1/2-1/2

[Event "Lliga Catalana eq. DH"]
[Site "?"]
[Date "2014.03.15"]
[Round "8.6"]
[White "Fernandez Perez, D."]
[Black "Panelo Muñoz, MA."]
[Result "1-0"]
[WhiteElo "2350"]
[BlackElo "2472"]
[PlyCount "105"]
[EventDate "2014.??.??"]
[EventType "team"]
[EventCountry "ESP"]

1. d4 Nf6 2. c4 e6 3. Nf3 Bb4+ 4. Bd2 c5 5. Bxb4 cxb4 6. a3 bxa3 7. Rxa3 O-O 8.
Nc3 d6 9. g3 Qc7 10. b3 Qb6 11. Qd2 Nc6 12. Bg2 e5 13. d5 Nb8 14. O-O Bg4 15.
Nb5 Na6 16. Qe3 Qxe3 17. fxe3 Rfd8 18. Rfa1 Ne8 19. Kf2 Bd7 20. Nd2 Rdb8 21.
Ra5 Kf8 22. e4 Ke7 23. Bf3 g6 24. h4 h5 25. Kg1 Nf6 26. Rxa6 bxa6 27. Nc7 Bc8
28. Kf2 Kd8 29. Nxa8 Rxa8 30. Ke3 Kc7 31. Kd3 Nd7 32. Kc3 Bb7 33. Bg2 Rg8 34.
Rf1 g5 35. Bh3 gxh4 36. Bxd7 Rxg3+ 37. Kb4 Kxd7 38. Rxf7+ Kc8 39. Rh7 Re3 40.
c5 Rxe2 41. Nc4 Rxe4 42. Kc3 Bxd5 43. Nxd6+ Kd8 44. Nxe4 Bxe4 45. Rxh5 Bf3 46.
Rxh4 Kc7 47. Rh6 Bb7 48. b4 Bc6 49. Rh7+ Kc8 50. Re7 e4 51. Kd4 Bb7 52. Ke5 e3
53. Kd6 1-0

[Event "Lliga Catalana eq. DH"]
[Site "?"]
[Date "2014.03.15"]
[Round "8.6"]
[White "Garcia Pichon, E."]
[Black "Rahal, M."]
[Result "1/2-1/2"]
[WhiteElo "2260"]
[BlackElo "2426"]
[PlyCount "48"]
[EventDate "2014.??.??"]
[EventType "team"]
[EventCountry "ESP"]

1. e4 e6 2. d4 d5 3. e5 c5 4. c3 Nc6 5. Nf3 Bd7 6. Be2 Nge7 7. Na3 cxd4 8. cxd4
Nf5 9. Nc2 Qa5+ 10. Bd2 Qb6 11. Bc3 Be7 12. O-O O-O 13. Bd3 f6 14. Bxf5 exf5
15. Re1 fxe5 16. dxe5 Be6 17. Ncd4 Nxd4 18. Bxd4 Qa6 19. Qe2 Qxe2 20. Rxe2 Rfc8
21. Be3 Kf7 22. Nd4 a6 23. f4 Bc5 24. Kf2 Bxd4 1/2-1/2

[Event "Lliga Catalana eq. DH"]
[Site "?"]
[Date "2014.03.15"]
[Round "8.6"]
[White "Garrido Fernandez, D."]
[Black "Fernandez Fuentes, FX."]
[Result "1/2-1/2"]
[WhiteElo "2347"]
[BlackElo "2244"]
[PlyCount "82"]
[EventDate "2014.??.??"]
[EventType "team"]
[EventCountry "ESP"]

1. e4 c5 2. Nf3 Nf6 3. d3 Nc6 4. g3 g6 5. Bg2 Bg7 6. O-O O-O 7. c3 e5 8. Qc2 b6
9. Nbd2 Bb7 10. Nc4 d6 11. a4 Rc8 12. Bd2 Ne8 13. Qb3 Ba6 14. Rad1 Nc7 15. Rfe1
Ne6 16. Bc1 Ne7 17. Bh3 Rb8 18. Ng5 Nc7 19. f4 Nc6 20. f5 Bf6 21. Nf3 g5 22.
Ne3 h5 23. g4 h4 24. Nd5 Nxd5 25. exd5 Na5 26. Qc2 c4 27. d4 exd4 28. Nxd4
Bxd4+ 29. Rxd4 Nb3 30. Rde4 Nxc1 31. Qxc1 Qf6 32. Re7 Rb7 33. Qe3 Rfb8 34. Bf1
Kf8 35. Rxb7 Rxb7 36. Qe8+ Kg7 37. Re3 Rc7 38. Bg2 Bc8 39. Re1 Ba6 40. Re3 Bc8
41. Re1 Ba6 1/2-1/2

[Event "Lliga Catalana eq. DH"]
[Site "?"]
[Date "2014.03.15"]
[Round "8.6"]
[White "Ribera Baztan, J."]
[Black "Escobar Torres, A."]
[Result "0-1"]
[WhiteElo "2201"]
[BlackElo "2232"]
[PlyCount "134"]
[EventDate "2014.??.??"]
[EventType "team"]
[EventCountry "ESP"]

1. d4 e6 2. c4 Nf6 3. Nc3 c5 4. d5 exd5 5. cxd5 d6 6. Nf3 g6 7. Bf4 a6 8. a4
Bg7 9. h3 O-O 10. e3 Re8 11. Nd2 Qc7 12. Nc4 Bf8 13. a5 Nbd7 14. Na4 Rb8 15.
Be2 Ne5 16. Bxe5 dxe5 17. O-O Bd7 18. Ncb6 Bb5 19. Rc1 Bxa4 20. Qxa4 Rbd8 21.
e4 Qe7 22. Qc4 Nd7 23. Na4 h5 24. Rc3 Qg5 25. Rd1 Bd6 26. Rg3 Qh4 27. Bf1 Rb8
28. Rb3 Qe7 29. g3 h4 30. Be2 hxg3 31. fxg3 f5 32. Rf1 Rf8 33. Qc2 Qh7 34. exf5
gxf5 35. g4 e4 36. gxf5 Rxf5 37. Rxf5 Qxf5 38. Bg4 Qg6 39. Qg2 Nf8 40. Nb6 Kh8
41. Nc4 Bf4 42. Rb6 Qh7 43. Qf2 Bh6 44. Ne5 Bg7 45. Nf7+ Kg8 46. Ng5 Bd4 47.
Nxh7 Nxh7 48. Bf5 Bxf2+ 49. Kxf2 Rf8 50. Ke3 Rxf5 51. Rxb7 Rxd5 52. Kxe4 Nf6+
53. Ke3 Nd7 54. Ke4 Rd2 55. Ra7 Kf7 56. Rxa6 Rxb2 57. Kd5 Rd2+ 58. Kc4 Rd4+ 59.
Kc3 Rh4 60. Rd6 Rxh3+ 61. Kc4 Ke7 62. Rd2 Kd8 63. Ra2 Kc7 64. a6 Rh4+ 65. Kb5
Rb4+ 66. Ka5 Ne5 67. a7 Kb7 0-1

[Event "Lliga Catalana eq. DH"]
[Site "?"]
[Date "2014.03.15"]
[Round "8.7"]
[White "Castellano Egea, E."]
[Black "Sanchez Ibern, M."]
[Result "1/2-1/2"]
[WhiteElo "2282"]
[BlackElo "2445"]
[PlyCount "64"]
[EventDate "2014.??.??"]
[EventType "team"]
[EventCountry "ESP"]

1. e4 g6 2. d4 Bg7 3. Nc3 c6 4. Nf3 d6 5. Be2 Nf6 6. O-O O-O 7. h3 Qc7 8. Be3
e5 9. dxe5 dxe5 10. Qc1 Nh5 11. Rd1 Nf4 12. Bf1 Re8 13. a4 a5 14. Nd2 Ne6 15.
Nb3 b6 16. Bc4 Na6 17. Bh6 Bf6 (17... Nb4) 18. Ne2 Nac5 19. Nxc5 Nxc5 20. Qe3
Be6 21. Bxe6 Nxe6 22. Qb3 Rab8 23. Be3 Be7 24. Qc4 Red8 25. Nc3 Bc5 26. Bxc5
Nxc5 27. Qe2 Ne6 28. Qc4 Rbc8 29. Rxd8+ Rxd8 30. Rd1 Rxd1+ 31. Nxd1 Qd6 32. Ne3
Kg7 1/2-1/2

[Event "Lliga Catalana eq. DH"]
[Site "?"]
[Date "2014.03.15"]
[Round "8.7"]
[White "Draghici Flutor, G."]
[Black "Fernandez Lopez, J."]
[Result "0-1"]
[WhiteElo "2209"]
[BlackElo "2171"]
[PlyCount "120"]
[EventDate "2014.??.??"]
[EventType "team"]
[EventCountry "ESP"]

1. e4 c5 2. Nf3 Nc6 3. d4 cxd4 4. Nxd4 g6 5. Nc3 Bg7 6. Nb3 Nf6 7. Bc4 O-O 8.
O-O Ne5 9. Be2 d6 10. Kh1 Qc7 11. f4 Nc4 12. Nb5 Qc6 13. N3d4 Qc5 14. Qd3 a6
15. Qxc4 axb5 16. Nxb5 Qxc4 17. Bxc4 Nxe4 18. Nc7 Ra5 19. Nd5 Be6 20. Nxe7+ Kh8
21. Bd3 f5 22. c4 Re8 23. Nd5 Bxd5 24. cxd5 Rxd5 25. Bxe4 fxe4 26. Re1 Rd3 27.
Be3 Bxb2 28. Rad1 Kg8 29. Bb6 Rxd1 30. Rxd1 e3 31. Ba5 e2 32. Rb1 Rc8 33. g3
Rc2 34. Be1 Kf7 35. Kg2 Ke6 36. Kf3 Kd5 37. Bb4 Kc4 38. a3 d5 39. g4 Kd3 40. f5
Bf6 41. Rb3+ Kc4 42. Re3 gxf5 43. gxf5 d4 44. Rxe2 Rxe2 45. Kxe2 d3+ 46. Kd2
Bg5+ 47. Kd1 Kd4 48. Bd2 Bd8 49. Bc1 Ke4 50. Bh6 Kxf5 51. Kd2 Ke4 52. Kd1 b5
53. Kd2 Be7 54. a4 bxa4 55. Bg7 h5 56. Bc3 Bg5+ 57. Kd1 Kf3 58. Bb4 h4 59. Bc5
Bf4 60. Bg1 a3 0-1

[Event "Lliga Catalana eq. DH"]
[Site "?"]
[Date "2014.03.15"]
[Round "8.7"]
[White "Moravich Casals, JS."]
[Black "Martinez Ramirez, E."]
[Result "0-1"]
[WhiteElo "2116"]
[BlackElo "2372"]
[PlyCount "64"]
[EventDate "2014.??.??"]
[EventType "team"]
[EventCountry "ESP"]

1. d4 Nf6 2. c4 g6 3. Nc3 d5 4. Bd2 Bg7 5. cxd5 Nxd5 6. e4 Nb6 7. Be3 O-O 8. f4
Nc6 9. d5 Na5 10. Bd4 e5 11. Bxe5 Bxe5 12. fxe5 Re8 13. Nf3 Bg4 14. Be2 Nac4
15. Qd4 Bxf3 16. Bxf3 Qh4+ 17. g3 Qg5 18. O-O Rxe5 19. Rf2 Rae8 20. Nb5 R5e7
21. a4 a6 22. Nc3 Qe5 23. Qd3 Qd6 24. Bg2 Ne5 25. Qd2 Qc5 26. Kh1 Nbc4 27. Qe2
Nxb2 28. Nd1 Nxd1 29. Rxd1 Ng4 30. Rf4 Ne3 31. Qf2 Qb6 32. a5 Nxd1 0-1

[Event "Lliga Catalana eq. DH"]
[Site "?"]
[Date "2014.03.15"]
[Round "8.7"]
[White "Perez Mitjans, O."]
[Black "Vigoa Apecheche, Y."]
[Result "1-0"]
[WhiteElo "2471"]
[BlackElo "2321"]
[PlyCount "81"]
[EventDate "2014.??.??"]
[EventType "team"]
[EventCountry "ESP"]

1. e4 e6 2. d4 d5 3. Nc3 Bb4 4. e5 Qd7 5. Nh3 b6 6. Nf4 c5 7. a3 cxd4 8. axb4
dxc3 9. bxc3 Qc7 10. Bb5+ Bd7 11. Bxd7+ Nxd7 12. O-O Ne7 13. Nh5 g6 14. Nf6+
Nxf6 15. exf6 Qxc3 16. Qe2 Nc6 17. Ra3 Nd4 18. Qd1 Qc4 19. Bb2 Nb5 20. Re3
O-O-O 21. Be5 Kb7 22. c3 d4 23. cxd4 Rd5 24. Qa4 a5 25. Rb1 Ra8 26. h3 axb4 27.
Qxb4 Qxb4 28. Rxb4 Ra2 29. Reb3 Ka6 30. g3 Ka5 31. Rc4 Rd8 32. Rc6 Rd7 33. Rc8
Ra7 34. Re8 Rb7 35. Re7 Ra7 36. Rd3 Ra1+ 37. Kg2 Ra4 38. d5 Kb4 39. dxe6 fxe6
40. Rxa7 Nxa7 41. Rd4+ 1-0

[Event "Lliga Catalana eq. DH"]
[Site "?"]
[Date "2014.03.15"]
[Round "8.7"]
[White "Tallo Dominguez, I."]
[Black "Oset Teixidor, G."]
[Result "1-0"]
[WhiteElo "2338"]
[BlackElo "2096"]
[PlyCount "65"]
[EventDate "2014.??.??"]
[EventType "team"]
[EventCountry "ESP"]

1. e4 c6 2. d4 d5 3. e5 Bf5 4. Nf3 e6 5. Be2 Ne7 6. Nh4 Nd7 7. O-O c5 8. c3 Qb6
9. Na3 a6 10. Nxf5 Nxf5 11. Nc2 Rc8 12. g4 Ne7 13. Rb1 Ng6 14. Be3 Be7 15. f4
cxd4 16. cxd4 O-O 17. Bd3 Rfd8 18. f5 exf5 19. gxf5 Ngf8 20. Qf3 Rc6 21. Kh1
Rdc8 22. Na1 Qa5 23. a3 Nb6 24. Nb3 Qa4 25. Nd2 Nfd7 26. f6 gxf6 27. Qg4+ Kf8
28. Bh6+ Ke8 29. Qg8+ Bf8 30. Rbe1 Qxd4 31. exf6+ Kd8 32. Bxf8 Kc7 33. Qg3+ 1-0

[Event "Lliga Catalana eq. DH"]
[Site "?"]
[Date "2014.03.15"]
[Round "8.7"]
[White "Velasco Blasco, JM."]
[Black "Llaneza Vega, P."]
[Result "0-1"]
[WhiteElo "2224"]
[BlackElo "2306"]
[PlyCount "76"]
[EventDate "2014.??.??"]
[EventType "team"]
[EventCountry "ESP"]

1. d4 Nf6 2. Nc3 d5 3. Bg5 Nbd7 4. e4 dxe4 5. f3 c6 6. fxe4 e5 7. dxe5 Qa5 8.
Bd2 Qxe5 9. Nf3 Qc7 10. Bc4 Ne5 11. Bb3 Bd6 12. Qe2 O-O 13. O-O-O b5 14. Bf4
Nd3+ 15. cxd3 Bxf4+ 16. Kb1 a5 17. g3 Bh6 18. e5 a4 19. Bc2 Ng4 20. d4 Ne3 21.
Ne4 Bf5 22. g4 Bxe4 23. Bxe4 Bf4 24. Rc1 Nc4 25. Rc2 Qd7 26. h4 Ra7 27. Ng5
Qxd4 28. Bxh7+ Kh8 29. Bd3 Nxe5 30. Be4 Nc4 31. Bxc6 Nd2+ 32. Rxd2 Qxd2 33. Qe4
f5 34. gxf5 a3 35. bxa3 Rxa3 36. Qe6 Qb4+ 37. Kc2 Rc3+ 38. Kd1 Qd4+ 0-1

[Event "Lliga Catalana eq. DH"]
[Site "?"]
[Date "2014.03.15"]
[Round "8.8"]
[White "De la Riva Aguado, J."]
[Black "Fernandez Alonso, MA."]
[Result "0-1"]
[WhiteElo "2326"]
[BlackElo "2214"]
[PlyCount "132"]
[EventDate "2014.??.??"]
[EventType "team"]
[EventCountry "ESP"]

1. e4 c5 2. Nc3 Nc6 3. Bb5 Nd4 4. Bc4 e6 5. Nf3 Nxf3+ 6. Qxf3 d6 7. O-O Be7 8.
Qg3 Bf6 9. d3 Ne7 10. Bf4 e5 11. Be3 Ng6 12. Nd5 Bh4 13. Qf3 O-O 14. g3 Bg5 15.
h4 Bxe3 16. Nxe3 Bh3 17. h5 Ne7 18. Rfd1 Be6 19. h6 Qd7 20. hxg7 Kxg7 21. Qh5
Rg8 22. Kg2 Kf8 23. Qxh7 Bxc4 24. dxc4 Qe6 25. Rh1 Ng6 26. Rad1 Rd8 27. b3 Rh8
28. Qxh8+ Nxh8 29. Rxh8+ Ke7 30. Rxd8 Kxd8 31. Nf5 Kc7 32. Rxd6 Qe8 33. a4 b6
34. Rf6 Qd7 35. Ne3 Qd4 36. Rxf7+ Kb8 37. Kf3 Ka8 38. g4 Qd8 39. Rf5 Qh8 40.
Ke2 Kb7 41. Rf7+ Kb8 42. Rf5 Kb7 43. g5 Qh5+ 44. Kd3 Qh2 45. g6 Qg1 46. Rf7+
Ka6 47. g7 Ka5 48. Rxa7+ Kb4 49. Rb7 Ka3 50. Ke2 Kb2 51. Kf3 Qg5 52. Ke2 Kc3
53. Rd7 Kb2 54. Kd2 Qg1 55. Kd3 Kc1 56. Ke2 Qg5 57. Rb7 Qh5+ 58. Kd3 Qg5 59.
Kc3 Qg1 60. Kd3 Qxf2 61. Nf1 Qxf1+ 62. Ke3 Qf4+ 63. Ke2 Qxe4+ 64. Kf1 Qf3+ 65.
Ke1 Qg3+ 66. Ke2 e4 0-1

[Event "Lliga Catalana eq. DH"]
[Site "?"]
[Date "2014.03.15"]
[Round "8.8"]
[White "Ezquerro Luque, A."]
[Black "Leiro Giralt, D."]
[Result "1/2-1/2"]
[WhiteElo "2201"]
[BlackElo "2317"]
[PlyCount "39"]
[EventDate "2014.??.??"]
[EventType "team"]
[EventCountry "ESP"]

1. e4 e5 2. Nc3 Nf6 3. g3 d5 4. exd5 Nxd5 5. Bg2 Nxc3 6. bxc3 Bd6 7. Ne2 O-O 8.
d4 Nd7 9. f4 exf4 10. Bxf4 Bxf4 11. Nxf4 Re8+ 12. Kf2 Nf6 13. Re1 Ng4+ 14. Kg1
Ne3 15. Qd2 Nxg2 16. Qxg2 Rb8 17. Qd5 Bd7 18. Qc5 b6 19. Qd5 Ba4 20. Qf5
1/2-1/2

[Event "Lliga Catalana eq. DH"]
[Site "?"]
[Date "2014.03.15"]
[Round "8.8"]
[White "Martin Gonzalez, A."]
[Black "Tacon Berrocal, F."]
[Result "1-0"]
[WhiteElo "2464"]
[BlackElo "2089"]
[PlyCount "57"]
[EventDate "2014.??.??"]
[EventType "team"]
[EventCountry "ESP"]

1. e4 g6 2. d4 Bg7 3. Nc3 d6 4. f4 Nc6 5. Nf3 Bg4 6. Be3 e6 7. Be2 a6 8. O-O
Nge7 9. Bf2 O-O 10. h3 Bxf3 11. Bxf3 Rb8 12. d5 exd5 13. exd5 Na5 14. Qd3 b5
15. Bh4 f6 (15... Qd7) 16. a4 b4 17. Ne2 Ra8 18. Nd4 Qd7 19. Rfe1 Rf7 20. Re2
Bf8 21. b3 Nb7 22. Rae1 Nc5 23. Qc4 a5 24. Ne6 Rc8 25. Bf2 c6 26. dxc6 Nxc6 27.
Nxc5 dxc5 28. Bd5 Nd4 29. Bxd4 1-0

[Event "Lliga Catalana eq. DH"]
[Site "?"]
[Date "2014.03.15"]
[Round "8.8"]
[White "Mateu Guiu, E."]
[Black "Maroto Borras, J."]
[Result "1-0"]
[WhiteElo "2159"]
[BlackElo "2199"]
[PlyCount "49"]
[EventDate "2014.??.??"]
[EventType "team"]
[EventCountry "ESP"]

1. e4 e6 2. Nf3 d5 3. Nc3 dxe4 4. Nxe4 Nd7 5. d4 Ngf6 6. Nxf6+ Nxf6 7. Bg5 Be7
8. Bd3 b6 9. Qe2 Bb7 10. O-O-O O-O 11. h4 Qd5 12. Kb1 Rfd8 13. Bxf6 gxf6 14.
Qe3 Bf8 15. h5 h6 16. Rh4 f5 17. Ne5 c5 18. Bc4 Qd6 19. g4 cxd4 20. Qg3 Bg7 21.
f4 Be4 22. Rg1 Qf8 23. g5 Kh8 24. g6 Bxe5 25. fxe5 1-0